LEADER 04588nam 2200589 450 001 9910818201403321 005 20230803201735.0 010 $a3-03826-264-1 035 $a(CKB)3710000000083657 035 $a(EBL)1910441 035 $a(SSID)ssj0001128360 035 $a(PQKBManifestationID)11646058 035 $a(PQKBTitleCode)TC0001128360 035 $a(PQKBWorkID)11066254 035 $a(PQKB)10504444 035 $a(Au-PeEL)EBL1910441 035 $a(CaPaEBR)ebr10827108 035 $a(OCoLC)874147154 035 $a(MiAaPQ)EBC1910441 035 $a(EXLCZ)993710000000083657 100 $a20140120h20142014 uy 0 101 0 $aeng 135 $aur|n|---||||| 181 $ctxt 182 $cc 183 $acr 200 10$aAdvances in hot metal extrusion and simulation of light alloys $eselected, peer reviewed papers from the International Conference on Extrusion and Benchmark (ICEB 2013), October 8-9, 2013, Dortmund, Germany. /$fedited by A. Erman Tekkaya and Andreas Ja?ger 210 1$aZurich, Switzerland :$cTrans Tech Publications,$d2014. 210 4$d©2014 215 $a1 online resource (173 p.) 225 1 $aKey Engineering Materials,$x1662-9795 ;$vVolume 585 300 $aDescription based upon print version of record. 311 $a3-03785-883-4 320 $aIncludes bibliographical references at the end of each chapters and indexes. 327 $aAdvances in Hot Metal Extrusion and Simulation of Light Alloys; Preface and Committees; Table of Contents; I. Keynote; Metallurgical and Engineering Challenges in Magnesium Extrusion; II. Extrusion Benchmark; Extrusion Benchmark 2013 - Experimental Analysis of Mandrel Deflection, Local Temperature and Pressure in Extrusion Dies; III. Friction Evaluation; Experimental Investigations of Friction Carried out with the Tribo-Torsion-Test and Frictional Modelling; A New High Speed Friction Test for Extrusion Processes; Advanced Frictional Models for Extrusion Application; IV. Material Flow 327 $aNumerical Analysis on Surface Ductile Fractures for Some Extrusion ConditionsA New Constitutive Model Describing the Plastic Flow of Metals: Application to the AA6082 Aluminum Alloy; A Novel Method for 3D-Die Design in the Extrusion Process Using Equi-Potential Lines; On the Balance of the Metal Flow in Porthole Dies with Differently Sized Porthole Channels; Simulation of Material Flow Coupled with Die Analysis in Complex Shape Extrusion; V. Seam Welding Phenomena 327 $aFinite Element Based Determination and Optimization of Seam Weld Positions in Porthole Die Extrusion of Double Hollow Profile with Asymmetric Cross SectionNon-Destructive Detection of Weld Seams in Extruded Aluminum Profiles; Comparison of Bulge Test vs. Conical Expansion Test for Hollow Extruded Profile Characterization; VI. Microstructure; Prediction of Fibrous and Recrystallized Structures in 6xxx Alloy Extruded Profiles; Tool Design Induced Anisotropic Flow Behavior of Hot Extruded Aluminum Profiles; VII. Processes and Process Optimization 327 $aResearch on the Influence of Die Shape in Complex Extrusion of Multi BilletsManufacturing of Steel-Reinforced Aluminum Parts by Co-Extrusion and Subsequent Forging; Optimal Design and Experimental Investigations of Aluminium Extrusion Profiles for Lightweight of Car Bumper; Improved Extrudability of High Strength Alloys Using an Optimization Method Based on a Combination of Experiments and FEM Software; Keywords Index; Authors Index 330 $aThe International Conference on Extrusion and Benchmark was held for the fourth time. Invited keynote speakers and contributors from academia and industry reported on the latest advances in extrusion technology and its simulation. The contributions covered a wide range of topics and are grouped into the categories of: benchmark, microstructure, seam welds & composite extrusion, material flow & constitutive equations, friction evaluation, dies & tools, and process control & optimization. However, many more topics such as new materials and new profiles have also been covered. The keynote address 410 0$aKey engineering materials ;$vv. 585. 606 $aExtrusion process$vCongresses 615 0$aExtrusion process 676 $a664.024 701 $aTekkaya$b A. Erman$01609723 701 $aJa?ger$b Andreas$0605350 801 0$bMiAaPQ 801 1$bMiAaPQ 801 2$bMiAaPQ 906 $aBOOK 912 $a9910818201403321 996 $aAdvances in hot metal extrusion and simulation of light alloys$93937098 997 $aUNINA LEADER 05912oam 2200793 c 450 001 996359645503316 005 20231110222218.0 010 $a3-8394-5079-9 024 7 $a10.14361/9783839450796 035 $a(CKB)4100000011249074 035 $a(DE-B1597)540755 035 $a(DE-B1597)9783839450796 035 $a(OCoLC)1198931479 035 $a(MiAaPQ)EBC6763705 035 $a(Au-PeEL)EBL6763705 035 $a(transcript Verlag)9783839450796 035 $a(MiAaPQ)EBC6956146 035 $a(Au-PeEL)EBL6956146 035 $a(oapen)https://directory.doabooks.org/handle/20.500.12854/44757 035 $a(MiAaPQ)EBC30591642 035 $a(Au-PeEL)EBL30591642 035 $a(EXLCZ)994100000011249074 100 $a20220221d2020 uy 0 101 0 $ager 135 $aur||||||||||| 181 $ctxt$2rdacontent 182 $cc$2rdamedia 183 $acr$2rdacarrier 200 10$aDepression und Biographie$eKrankheitserfahrungen migrierter Frauen in der Schweiz$fAmina Trevisan 205 $a1st ed. 210 $aBielefeld$ctranscript Verlag$d2020 215 $a1 online resource (516 p.) 225 0 $aKultur und soziale Praxis 311 $a3-8376-5079-0 327 $aFrontmatter 1 Inhalt 7 Dank 11 1. Einleitung 15 2. Migration und Gesundheit 23 3. Biographie als theoretischer Zugang im Forschungsbereich Migration und Gesundheit 47 4. Methodologisches und methodisches Verfahren 71 5. Exemplarische Falldarstellung Amalia Torres 117 6. Exemplarische Falldarstellung Leonor Castro 183 7. Kontrastive und fallu?bergreifende Ergebnisdarstellung 281 8. Rassismus und sein Einfluss auf die psychische Gesundheit 283 9. Depression im Kontext von beruflichem Ausschluss und Dequalifizierung 333 10. Depression im Kontext von Armut und o?konomischen Schwierigkeiten 397 11. Depression im Kontext von fehlender sozialer Unterstu?tzung 417 12. Depression im Kontext einer binationalen Ehe 441 13. Fazit 485 Literatur 497 Anhang 513 330 $aWie beeinflussen gesellschaftliche Faktoren die psychische Gesundheit? In welchen sozialen Kontext ist die Erfahrung von Migrantinnen zu verorten, die an Depression erkrankt sind? Die Soziologin Amina Trevisan ergru?ndet hierzu Depressionserfahrungen migrierter Frauen aus Lateinamerika mit Methoden der Biographieforschung. 17 Migrantinnen erza?hlen ihre Krankheits- und Leidenserfahrungen sowie ihre Verarbeitungsstrategien. Sie dru?cken eigene Kompetenzen, aber auch viel soziales Leiden aus, das durch gesellschaftliche Bedingungen mitverursacht ist. Die Autorin kommt durch detaillierte Fallstudien zu Forschungsergebnissen, die den Zusammenhang zwischen Depressionserkrankung und gesellschaftlichen, migrations- und schichtspezifischen Faktoren verdeutlichen. Das Buch richtet sich an sozialwissenschaftlich Interessierte, an Praktizierende im Bereich Migration und Gesundheit sowie an Migrierte, Betroffene und Angeho?rige. 330 1 $aO-Ton: »Depressione, l'altra faccia dell'emigrazione! - Amina Trevisan im Interview bei https://italoblogger.com am 11.11.2020. »Ich empfehle das Buch allen PsychotherapeutInnen, im Besonderen jenen, die in ihrer Praxis mit Migrantinnen (und auch Migranten) arbeiten.« Peter Schulthess, Psychotherapie-Wissenschaft 10/2 (2020) »Eine fundierte Studie zum Thema der Depression [...], die Migrantinnen in der Schweiz durchgemacht haben. Das Buch ist hervorragend geeignet fu?r sozialwissenschaftlich Interessierte, Praktizierende im Bereich Migration, Gesundheit und Psychotherapie ebenso wie fu?r alle, die sich mit gesellschaftlichen und politischen Fragen auseinandersetzen.« Udo Rauchfleisch, www.socialnet.de, 22.09.2020 Besprochen in: InfoDienst Migration, 2 (2020) 410 0$aKultur und Soziale Praxis 606 $aDepression; Migration und Gesundheit; Krankheit; Biographie; Biographieforschung; Lateinamerikanische Migrantinnen; Psychologie; Psychische Krankheit; Gender; Rassismus; Soziale Ungleichheit; Basel; Bern; Zu?rich; Erwerbsarbeit; Familie; Armut; Medizin; Medizinsoziologie; Kulturanthropologie; Gender Studies; Soziologie; Gesundheit; Migration; Illness; Biography; Biographical Research; Psychology; Mental Illness; Racism; Social Inequality; Zurich; Gainful Employment; Family; Poverty; Medicine; Sociology of Medicine; Cultural Anthropology; Sociology; Health; 610 $aBasel. 610 $aBern. 610 $aBiographical Research. 610 $aBiography. 610 $aCultural Anthropology. 610 $aFamily. 610 $aGainful Employment. 610 $aGender Studies. 610 $aGender. 610 $aIllness. 610 $aMedicine. 610 $aMental Illness. 610 $aMigration. 610 $aPoverty. 610 $aPsychology. 610 $aRacism. 610 $aSocial Inequality. 610 $aSociology of Medicine. 610 $aSociology. 610 $aZurich. 615 4$aDepression; Migration und Gesundheit; Krankheit; Biographie; Biographieforschung; Lateinamerikanische Migrantinnen; Psychologie; Psychische Krankheit; Gender; Rassismus; Soziale Ungleichheit; Basel; Bern; Zu?rich; Erwerbsarbeit; Familie; Armut; Medizin; Medizinsoziologie; Kulturanthropologie; Gender Studies; Soziologie; Gesundheit; Migration; Illness; Biography; Biographical Research; Psychology; Mental Illness; Racism; Social Inequality; Zurich; Gainful Employment; Family; Poverty; Medicine; Sociology of Medicine; Cultural Anthropology; Sociology; Health; 676 $a306.461 700 $aTrevisan$b Amina$4aut$0864185 712 02$aSwiss National Science Foundation (SNSF)$4fnd$4http://id.loc.gov/vocabulary/relators/fnd 801 0$bDE-B1597 801 1$bDE-B1597 906 $aBOOK 912 $a996359645503316 996 $aDepression und Biographie$91928868 997 $aUNISA LEADER 03030nam 22007335 450 001 9910483343403321 005 20251226195159.0 010 $a3-319-39077-5 024 7 $a10.1007/978-3-319-39077-2 035 $a(CKB)3710000000711670 035 $a(DE-He213)978-3-319-39077-2 035 $a(MiAaPQ)EBC6281924 035 $a(MiAaPQ)EBC5588321 035 $a(Au-PeEL)EBL5588321 035 $a(OCoLC)949020957 035 $a(PPN)194076989 035 $a(EXLCZ)993710000000711670 100 $a20160502d2016 u| 0 101 0 $aeng 135 $aurnn#008mamaa 181 $ctxt$2rdacontent 182 $cc$2rdamedia 183 $acr$2rdacarrier 200 10$aGreen, Pervasive, and Cloud Computing $e11th International Conference, GPC 2016, Xi'an, China, May 6-8, 2016. Proceedings /$fedited by Xinyi Huang, Yang Xiang, Kuan-Ching Li 205 $a1st ed. 2016. 210 1$aCham :$cSpringer International Publishing :$cImprint: Springer,$d2016. 215 $a1 online resource (XII, 317 p. 134 illus.) 225 1 $aTheoretical Computer Science and General Issues,$x2512-2029 ;$v9663 300 $aIncludes index. 311 08$a3-319-39076-7 327 $aGreen Computing -- Cloud Computing -- Virtualisation -- Network Security. 330 $aThis book constitutes the refereed proceedings of the 8th International Conference on Grid and Pervasive Computing, GPC 2016, held in Seoul, Korea, in May 2016. The 20 revised papers were carefully reviewed and selected from 94 submissions. The conference contains various aspects including green computing, cloud computing, virtualisation, data and storage, and network security. 410 0$aTheoretical Computer Science and General Issues,$x2512-2029 ;$v9663 606 $aComputer networks 606 $aApplication software 606 $aSoftware engineering 606 $aInformation storage and retrieval systems 606 $aAlgorithms 606 $aComputer Communication Networks 606 $aComputer and Information Systems Applications 606 $aSoftware Engineering 606 $aInformation Storage and Retrieval 606 $aAlgorithms 615 0$aComputer networks. 615 0$aApplication software. 615 0$aSoftware engineering. 615 0$aInformation storage and retrieval systems. 615 0$aAlgorithms. 615 14$aComputer Communication Networks. 615 24$aComputer and Information Systems Applications. 615 24$aSoftware Engineering. 615 24$aInformation Storage and Retrieval. 615 24$aAlgorithms. 676 $a004 702 $aHuang$b Xinyi$4edt$4http://id.loc.gov/vocabulary/relators/edt 702 $aXiang$b Yang$4edt$4http://id.loc.gov/vocabulary/relators/edt 702 $aLi$b Kuan-Ching$4edt$4http://id.loc.gov/vocabulary/relators/edt 801 0$bMiAaPQ 801 1$bMiAaPQ 801 2$bMiAaPQ 906 $aBOOK 912 $a9910483343403321 996 $aGreen, pervasive, and cloud computing$92068893 997 $aUNINA